MARC details
| 000 -LEADER |
| fixed length control field |
03857cam a2200457 i 4500 |
| 001 - CONTROL NUMBER |
| control field |
22535835 |
| 003 - CONTROL NUMBER IDENTIFIER |
| control field |
GBCCL |
| 005 - DATE AND TIME OF LATEST TRANSACTION |
| control field |
20241126110719.0 |
| 008 - FIXED-LENGTH DATA ELEMENTS--GENERAL INFORMATION |
| fixed length control field |
220505s2022 miu b 001 0 eng |
| 010 ## - |
| -- |
2022009711 |
| 020 ## - INTERNATIONAL STANDARD BOOK NUMBER |
| International Standard Book Number |
9780310125518 |
| Qualifying information |
(paperback) |
| 020 ## - INTERNATIONAL STANDARD BOOK NUMBER |
| Canceled/invalid ISBN |
9780310125525 |
| Qualifying information |
(ebook) |
| 040 ## - CATALOGING SOURCE |
| Original cataloging agency |
NcWfSB/DLC |
| Language of cataloging |
eng |
| Description conventions |
rda |
| Transcribing agency |
DLC |
| Modifying agency |
DLC |
| 042 ## - |
| -- |
pcc |
| 050 00 - |
| -- |
BT225 |
| -- |
.F58 2022 |
| 082 00 - DEWEY DECIMAL CLASSIFICATION NUMBER |
| Classification number |
220.64 |
| Edition information |
23/eng/20220512 |
| Item number |
GOL |
| 084 ## - OTHER CLASSIFICATION NUMBER |
| Classification number |
REL006090 |
| -- |
REL006210 |
| Number source |
bisacsh |
| 245 00 - TITLE STATEMENT |
| Title |
Five views of Christ in the Old Testament : |
| Remainder of title |
genre, authorial intent, and the nature of Scripture / |
| Statement of responsibility, etc. |
John Goldingay, Tremper Longman III, Havilah Dharamraj, Jason S. DeRouchie, Craig A. Carter ; Brian J. Tabb, Andrew M. King, general editors. |
| 246 3# - |
| -- |
5 views of Christ in the Old Textament |
| 264 #1 - PRODUCTION, PUBLICATION, DISTRIBUTION, MANUFACTURE, AND COPYRIGHT NOTICE |
| Place of production, publication, distribution, manufacture |
Grand Rapids, Michigan : |
| Name of producer, publisher, distributor, manufacturer |
Zondervan Academic, |
| Date of production, publication, distribution, manufacture, or copyright notice |
[2022] |
| 300 ## - PHYSICAL DESCRIPTION |
| Extent |
322 pages ; |
| Dimensions |
21 cm. |
| 336 ## - CONTENT TYPE |
| Content type term |
text |
| Content type code |
txt |
| Source |
rdacontent |
| 337 ## - MEDIA TYPE |
| Media type term |
unmediated |
| Media type code |
n |
| Source |
rdamedia |
| 338 ## - CARRIER TYPE |
| Carrier type term |
volume |
| Carrier type code |
nc |
| Source |
rdacarrier |
| 490 1# - SERIES STATEMENT |
| Series statement |
Counterpoints: Bible and theology |
| 504 ## - BIBLIOGRAPHY, ETC. NOTE |
| Bibliography, etc. note |
Includes bibliographical references and index. |
| 505 00 - FORMATTED CONTENTS NOTE |
| Title |
First Testament Approach / |
| Statement of responsibility |
John Goldingay -- |
| Title |
Christotelic Approach / |
| Statement of responsibility |
Tremper Longman III -- |
| Title |
Reception-Centered Intertextual Approach / |
| Statement of responsibility |
Havilah Dharamraj -- |
| Title |
Redemptive-Historical, Christocentric Approach / |
| Statement of responsibility |
Jason S. DeRouchie -- |
| Title |
Premodern Approach / |
| Statement of responsibility |
Craig A. Carter. |
| 520 ## - SUMMARY, ETC. |
| Summary, etc. |
"The authors of the New Testament regularly quote and allude to Old Testament passages that point to the presence, person, and work of Jesus. Jesus himself claimed that Moses wrote about him (John 5:46). And on the road to Emmaus, Jesus instructed the disciples from "Moses and all the prophets" regarding himself (Luke 24:27).Though Christians affirm that the Old Testament bears witness to Christ, how the Old Testament writers did this is a matter of extensive debate. Furthermore, Christian biblical scholars also debate the degree to which contemporary interpreters of the Bible can follow the hermeneutics of the New Testament authors in using the Old Testament to point to the person and work of Jesus Christ.Five Views on Christ in the Old Testament is the first book to bring together in conversation the major views on how the Old Testament points to Christ. Contributors and views include:The First Testament Priority View (John Goldingay)The Christotelic View (Tremper Longman III)The Redemptive-Historical Christocentric View (Jason DeRouchie)The Reception-Centered Intertextual View (Havilah Dharamraj)The Premodern View (Craig Carter)Each contributor presents their preferred methodology, showing readers how their interpretive approach best explains the biblical data. Additionally, authors provide case studies of various Old Testament passages that equip readers to better compare the strengths and weaknesses of each of author's approaches. This essential resource will help readers learn practical steps to help them read the Old Testament more faithfully as it testifies to Jesus the Messiah"-- |
| Assigning source |
Provided by publisher. |
| 600 00 - SUBJECT ADDED ENTRY--PERSONAL NAME |
| Personal name |
Jesus Christ |
| General subdivision |
Biblical teaching. |
| 9 (RLIN) |
17091 |
| 630 00 - SUBJECT ADDED ENTRY--UNIFORM TITLE |
| Uniform title |
Bible. |
| Name of part/section of a work |
Old Testament |
| General subdivision |
Criticism, interpretation, etc. |
| 9 (RLIN) |
57 |
| 650 #0 - SUBJECT ADDED ENTRY--TOPICAL TERM |
| Topical term or geographic name entry element |
Typology (Theology) |
| 9 (RLIN) |
611 |
| 650 #7 - SUBJECT ADDED ENTRY--TOPICAL TERM |
| Topical term or geographic name entry element |
RELIGION / Biblical Criticism & Interpretation / Old Testament |
| Source of heading or term |
bisacsh |
| 9 (RLIN) |
17092 |
| 650 #7 - SUBJECT ADDED ENTRY--TOPICAL TERM |
| Topical term or geographic name entry element |
RELIGION / Biblical Studies / Old Testament / General |
| Source of heading or term |
bisacsh |
| 9 (RLIN) |
17093 |
| 700 1# - ADDED ENTRY--PERSONAL NAME |
| Personal name |
Goldingay, John, |
| Relator term |
author. |
| 9 (RLIN) |
7397 |
| 700 1# - ADDED ENTRY--PERSONAL NAME |
| Personal name |
Tabb, Brian J., |
| Relator term |
editor. |
| 9 (RLIN) |
17094 |
| 776 08 - ADDITIONAL PHYSICAL FORM ENTRY |
| Relationship information |
Online version: |
| Title |
Five views of Christ in the Old Testament |
| Place, publisher, and date of publication |
Grand Rapids, Michigan : Zondervan Academic, [2022] |
| International Standard Book Number |
9780310125525 |
| Record control number |
(DLC) 2022009712 |
| 830 #0 - |
| -- |
Counterpoints. |
| -- |
Bible and theology. |
| -- |
17095 |
| 906 ## - LOCAL DATA ELEMENT F, LDF (RLIN) |
| a |
7 |
| b |
cbc |
| c |
orignew |
| d |
1 |
| e |
ecip |
| f |
20 |
| g |
y-gencatlg |
| 942 ## - ADDED ENTRY ELEMENTS (KOHA) |
| Source of classification or shelving scheme |
Dewey Decimal Classification |
| Koha item type |
Books |